| 000 | 01365nam a2200349 c 4500 | ||
|---|---|---|---|
| 003 | BLK | ||
| 005 | 20250329160042.0 | ||
| 008 | 180408b bul|||||r ||||||| ||bul|| | ||
| 010 | _aKNG00041042000 | ||
| 040 | _aBLK | ||
| 041 |
_aRUS _cRUS |
||
| 080 |
_aТромпет _b788.1 _x _z788.1 |
||
| 100 | 1 |
_aУсов, Юрий Алексеевич _eпърви автор _9275859 |
|
| 139 |
_aУсов, Юрий Алексеевич _bУ 81 |
||
| 245 | 1 | 0 |
_aТруба _cЮрий Алексеевич Усов. |
| 257 | _aSUN | ||
| 260 |
_аМосква _bМузыка _c1966 |
||
| 300 |
_a72 с., 4 с. _bс ил., ноти _c16 см |
||
| 380 | _a7 | ||
| 490 | 1 | _aМузыкальные инструменты | |
| 500 | _aИзд. Ленинградского Гос. Инст. театра, музыки и кинематографии. - Библиогр. под линия. | ||
| 650 | 0 |
_aДухови музикални инструменти _9275013 |
|
| 650 | 4 |
_aТромпет _9174035 |
|
| 653 | _aдухови музикални инструменти | ||
| 653 | _aтромпети | ||
| 852 | _aЦб І 8848 | ||
| 856 | 4 |
_qpdf _u |
|
| 856 | 4 |
_qpdf _u |
|
| 942 |
_cKNG _n0 |
||
| 944 |
_aCR _c13.12.2011 _lГеновева Генчева _k30560 |
||
| 944 |
_aED _c05.01.2012 _l13.12.2011 - от С1,Р / 13.12.2011 _k |
||
| 999 |
_c37867 _d37867 |
||